00776nam a2200181Ia 4500999001700000082001200017100002600029245008500055260006300140300000800203504004000211650003600251650003900287650004300326650006100369942001200430952015200442 c12802d12802 aRH 0051 aHazarika, Padmalochan 0aDisparities in the levels of development in Assam: a spatio-temporal analysisb: c2009bIndian Council of Social Science Research, New Delhi a260 ainclude appendices and bibliography aIndustrializationzIndiazAssam aAssam (India)vEconomic conditions aAgricultural developmentzIndiazAssam aEconomic developmentvRegional disparitieszIndiazAssam cRP2ddc 001040708MRPaNASSDOCbNASSDOCd2013-01-19eGifted by : NERP Division, ICSSRi2012-12-21l0oRH 0051p47960r2019-04-18 00:00:00w2019-04-18yRP